000 01424nam a22002537a 4500
999 _c62892
_d62892
003 Ge_BSU
005 20250317114904.0
008 250317s2010 ge ||||| |||| 00| 0 geo d
020 _a9789941022708
041 _ageo
080 _a616-006(075.8) ღ-46
100 _aღვამიჩავა, რემა
_924577
245 _aონკოლოგია Cancer Mannual :
_b ეძღვნება თბილ. სახელმწ. სამედ. უნ-ტის 80 წლის იუბილეს : [სახელმძღვ. სამედ. სასწ. სტუდ.] /
_cრემა ღვამიჩავა, მიხეილ შავდია; [რედ.: რუსუდან ზექალაშვილი, როენა დგებუაძე].
264 _aთბ. :
_b [ჯისიაი],
_c2010.
300 _a675 გვ. :
_bცხრ. ;
_c29 სმ.
500 _aსაგნ. საძ.: გვ. 671-674.
504 _aბიბლიოგრ.: გვ. 664-665.
653 _aონკოლოგია
653 _aმედიცინა
700 _aშავდია, მიხეილ
_eავტორი
_924578
700 _aზექალაშვილი, რუსუდან
_eრედაქტორი
_94984
700 _aდგებუაძე, როენა
_eრედაქტორი
_924415
942 _2udc
_cᲬᲘᲒᲜᲘ